Fußball: Trainer des Hamburger SV – Sudden Death - Statistiken

Allgemein
  • Dieses Quiz wurde 416 mal gespielt
  • Das Durchschnittsergebnis liegt bei 8 aus 11
Answers on the Grid
Answers color-coded by a green-red scale on the quiz's grid according to % correct below.
Ernst Happel
Felix Magath
Frank Pagelsdorf
Klaus Toppmöller
Martin Jol
Huub Stevens
Thorsten Fink
Bruno Labbadia
Dieter Hecking
Steffen Baumgart
Mirko Slomka
Otto Rehhagel
Niko Kovac
Ralf Rangnick
Ottmar Hitzfeld
Erich Ribbeck
 
Antwortstatistiken
Antwort % Korrekt
Bruno Labbadia
90%
Steffen Baumgart
84%
Felix Magath
79%
Mirko Slomka
74%
Dieter Hecking
72%
Huub Stevens
71%
Thorsten Fink
70%
Martin Jol
61%
Ernst Happel
56%
Frank Pagelsdorf
56%
Klaus Toppmöller
45%
Keine übereinstimmenden Quizze gefunden
Verteilung der Resultate
Anzahl Personen mit jedem Resultat
Perzentil nach korrekt beantworteten Fragen
Ihre Resultats-Entwicklung
Sie haben dieses Quiz noch nicht gespielt